Dershabasarar nirbachita asomiya natya sankalan (part -II) (Record no. 2676)

MARC details
000 -LEADER
fixed length control field 00551cam a2200193ua 4500
001 - CONTROL NUMBER
control field 2829
005 - DATE AND TIME OF LATEST TRANSACTION
control field 20260515113559.0
008 - FIXED-LENGTH DATA ELEMENTS--GENERAL INFORMATION
fixed length control field 110909n ii |||gr||||Z||||||asm
040 ## - CATALOGING SOURCE
Transcribing agency MAIN
082 ## - DEWEY DECIMAL CLASSIFICATION NUMBER
Classification number 891.4512
100 1# - MAIN ENTRY--PERSONAL NAME
Personal name Sarmah, Arun,
Relator term Editor.
245 11 - TITLE STATEMENT
Title Dershabasarar nirbachita asomiya natya sankalan (part -II)
Statement of responsibility, etc. ed. by Arun Sarmah
250 ## - EDITION STATEMENT
Edition statement 1st.
260 ## - PUBLICATION, DISTRIBUTION, ETC.
Place of publication, distribution, etc. Guahati:
Name of publisher, distributor, etc. Assam natya sanmillan,
Date of publication, distribution, etc. 2007.
300 ## - PHYSICAL DESCRIPTION
Extent 1683p:
Dimensions 23cm.
653 ## - INDEX TERM--UNCONTROLLED
Uncontrolled term Assamese drama
653 ## - INDEX TERM--UNCONTROLLED
Uncontrolled term Dershabasarar nirbachita asomiya natya sankalan
942 ## - ADDED ENTRY ELEMENTS (KOHA)
Koha item type Books
Holdings
Withdrawn status Lost status Damaged status Not for loan Home library Current library Shelving location Date acquired Total checkouts Full call number Barcode Date last seen Copy number Price effective from Koha item type
        Naharkatiya College Library Naharkatiya College Library General stacks 09/19/2020   891.4512 | SAR 18829 09/19/2020 1 09/19/2020 Books